[Event "Detroit (MI Op/3/1)"]
[Site "?"]
[Date "1994.??.??"]
[Round "?"]
[White "Mazuchowski, Tom"]
[Black "Tsemekhman, Vadim"]
[Result "0-1"]
[WhiteElo "2195"]
[BlackElo "2460"]
[PlyCount "88"]
[EventDate "1994.??.??"]

{3/(1)} 1. e4 c5 2. Nc3 Nc6 3. Nge2 g6 4. d4 cxd4 5. Nxd4 Bg7 6. Nb3 Nf6 7. Be2
O-O 8. O-O a5 9. a4 d6 10. Kh1 Be6 11. Bg5 h6 12. Be3 d5 13. exd5 Nxd5 14. Nxd5
Qxd5 15. Qc1 Bf5 16. Nc5 Nd4 17. Bxd4 Qxd4 18. Nd3 Rac8 19. Qd2 Rfd8 20. Rfd1
b6 21. c3 Qe4 22. Qe3 Qxe3 23. fxe3 h5 24. Kg1 Be6 25. Ne1 Bb3 26. Rxd8+ Rxd8
27. Bd3 e5 28. e4 Bh6 29. Kf1 f5 30. Ke2 fxe4 31. Bxe4 Rd2+ 32. Kf3 Bd1+ 33.
Rxd1 Rxd1 34. Nd3 Kg7 35. Nxe5 Rf1+ 36. Ke2 Ra1 37. Bc6 Bc1 38. b4 Bb2 39. Kd2
axb4 40. Nc4 Bxc3+ 41. Kc2 Bd4 42. Kb3 Bc5 43. Ne5 Ra3+ 44. Kb2 Bd4+ 0-1

[Event "Detroit (MI Op/5/18)"]
[Site "?"]
[Date "1994.??.??"]
[Round "?"]
[White "Mazuchowski, Tom"]
[Black "Brady, Lindell"]
[Result "1-0"]
[WhiteElo "2195"]
[BlackElo "1935"]
[PlyCount "47"]
[EventDate "1994.??.??"]

{5/(18)} 1. e4 e5 2. f4 exf4 3. Be2 d6 4. d4 Nf6 5. Nc3 Be7 6. Bxf4 O-O 7. Nf3
b6 8. O-O Bb7 9. Bd3 Ba6 10. Bxa6 Nxa6 11. Qe2 Nb8 12. Rad1 Qc8 13. e5 dxe5 14.
dxe5 Nh5 15. Nd5 Bc5+ 16. Be3 Re8 17. Bxc5 bxc5 18. Ng5 Nf6 19. Rxf6 gxf6 20.
Nxf6+ Kg7 21. Qh5 Rxe5 22. Qxf7+ Kh6 23. h4 Rxg5 24. Qxh7# 1-0

[Event "Detroit (MI Op/7/9)"]
[Site "?"]
[Date "1994.??.??"]
[Round "?"]
[White "Mazuchowski, Tom"]
[Black "Bailey, Greg"]
[Result "1-0"]
[WhiteElo "2195"]
[BlackElo "2095"]
[PlyCount "59"]
[EventDate "1994.??.??"]

{7/(9)} 1. e4 e6 2. d3 d5 3. Nd2 c5 4. Ngf3 Nc6 5. g3 Nf6 6. Bg2 Be7 7. O-O O-O
8. Re1 b5 9. e5 Nd7 10. Nf1 a5 11. h4 Ra6 12. N1h2 Qc7 13. Bf4 Bb7 14. h5 Rc8
15. Ng4 Nd4 16. h6 Nxf3+ 17. Qxf3 g6 18. Qe2 d4 19. Qd2 Bxg2 20. Kxg2 Qc6+ 21.
f3 Qd5 22. Bg5 Bf8 23. Qf4 Ra7 24. Bf6 a4 25. Bg7 Bxg7 26. hxg7 Kxg7 27. Qh6+
Kh8 28. Rh1 Nf8 29. Nf6 Qxe5 30. Qxf8+ 1-0

[Event "Romulus (RVO/4/23)"]
[Site "?"]
[Date "1994.??.??"]
[Round "?"]
[White "Matias, I.C."]
[Black "Woods, O."]
[Result "1-0"]
[WhiteElo "1645"]
[BlackElo "1605"]
[PlyCount "100"]
[EventDate "1994.??.??"]

{4/(23)} 1. d4 e6 2. c4 c6 3. Nc3 d5 4. Bf4 Qb6 5. Rb1 Nf6 6. e3 Qd8 7. Nf3 Bd6
8. Bxd6 Qxd6 9. Bd3 Nbd7 10. cxd5 cxd5 11. O-O e5 12. dxe5 Nxe5 13. Nxe5 Qxe5
14. Bb5+ Bd7 15. Bxd7+ Kxd7 16. Qd3 Ke7 17. Rfd1 Rhd8 18. h3 Kf8 19. Qb5 b6 20.
Rd4 Rd6 21. Rbd1 Rad8 22. e4 a6 23. Qb4 Kg8 24. exd5 Nxd5 25. Nxd5 Rxd5 26.
Rxd5 Rxd5 27. Rxd5 Qxd5 28. Qxb6 Qa8 29. b4 h6 30. a4 Qc8 31. b5 Qc1+ 32. Kh2
Qf4+ 33. g3 Qxa4 34. bxa6 Qe8 35. a7 Kh7 36. Qb8 Qe2 37. a8=Q Qxf2+ 38. Qg2 Qf6
39. Qf4 Qe7 40. Qfe4+ Qxe4 41. Qxe4+ g6 42. g4 Kg7 43. Kg3 Kh7 44. h4 Kg7 45.
h5 Kh7 46. hxg6+ fxg6 47. Qe7+ Kg8 48. Kf4 Kh8 49. Ke5 h5 50. Kf6 hxg4 1-0

[Event "Flint (MI Senior/4/3)"]
[Site "?"]
[Date "1994.??.??"]
[Round "?"]
[White "Matias, I.C."]
[Black "LaForge, Tom"]
[Result "0-1"]
[WhiteElo "1605"]
[BlackElo "1980"]
[PlyCount "46"]
[EventDate "1994.??.??"]

{4/(3)} 1. d4 c5 2. d5 d6 3. c4 g6 4. Nc3 Bg7 5. e4 Nf6 6. Bd3 O-O 7. f4 e6 8.
Nf3 exd5 9. cxd5 Re8 10. O-O Na6 11. a3 Nc7 12. h3 Rb8 13. Kh1 b5 14. b4 Nxe4
15. Nxe4 Bxa1 16. bxc5 dxc5 17. Be3 Bg7 18. Bxc5 Qxd5 19. Qc2 Bf5 20. Nfd2 a5
21. Bd6 Rbd8 22. Qxc7 Bxe4 23. Bxb5 Bxg2+ 0-1

[Event "Flint (MI Senior/3/4)"]
[Site "?"]
[Date "1994.??.??"]
[Round "?"]
[White "Matias, I.C."]
[Black "Jointer, William"]
[Result "1-0"]
[WhiteElo "1605"]
[BlackElo "1700"]
[PlyCount "57"]
[EventDate "1994.??.??"]

{3/(4)} 1. d4 Nf6 2. c4 e6 3. Nc3 Be7 4. e4 d6 5. Be2 O-O 6. Nf3 c6 7. O-O a6
8. Be3 b5 9. Nd2 Qc7 10. Rc1 b4 11. Na4 Rd8 12. f3 a5 13. Kh1 Ba6 14. f4 e5 15.
fxe5 dxe5 16. d5 Nbd7 17. b3 c5 18. Qc2 Ne8 19. Nf3 Nd6 20. Bd3 Rf8 21. Ng5 h6
22. Nh3 Rad8 23. Qf2 Nf6 24. Nxc5 Bc8 25. Qh4 g5 26. Bxg5 Bxh3 27. Rxf6 Bc8 28.
Qg3 Nf5 29. exf5 1-0

[Event "Flint (MI Senior/1/2)"]
[Site "?"]
[Date "1994.??.??"]
[Round "?"]
[White "Matias, I.C."]
[Black "Finegold, Ron"]
[Result "0-1"]
[WhiteElo "1605"]
[BlackElo "2210"]
[PlyCount "100"]
[EventDate "1994.??.??"]

{1/(2)} 1. Nf3 c5 2. c4 g6 3. Nc3 Bg7 4. g3 Nc6 5. Bg2 f5 6. O-O Nf6 7. e3 e5
8. d4 cxd4 9. exd4 e4 10. Ne5 Nxe5 11. dxe5 Ng4 12. Bf4 Nxe5 13. Qd5 d6 14. Nb5
Ke7 15. Rad1 Be6 16. Qxb7+ Qd7 17. Qxd7+ Bxd7 18. Bg5+ Bf6 19. Bxf6+ Kxf6 20.
Rxd6+ Ke7 21. Rfd1 Bxb5 22. cxb5 Rad8 23. Rxd8 Rxd8 24. Rxd8 Kxd8 25. Kf1 Nd3
26. Ke2 Nxb2 27. f3 exf3+ 28. Bxf3 Ke7 29. Ke3 Kd6 30. Kd4 h6 31. Bd5 Na4 32.
Bf7 g5 33. Bg6 Ke6 34. Bh7 h5 35. h4 Kf6 36. Ke3 Nc3 37. Bg8 Nxb5 38. Bc4 Nc7
39. Bb3 gxh4 40. gxh4 Ke5 41. Bf7 f4+ 42. Kf3 Kf5 43. a3 Nb5 44. a4 Nd4+ 45.
Kf2 a5 46. Bxh5 Ke4 47. Bf7 Nc2 48. h5 Ne3 49. Ke2 Ng2 50. Kd2 Nh4 0-1

[Event "Romulus (RVO/1/34)"]
[Site "?"]
[Date "1994.??.??"]
[Round "?"]
[White "Matias, I.C."]
[Black "Ashton, Jeff"]
[Result "0-1"]
[WhiteElo "1645"]
[BlackElo "1605"]
[PlyCount "64"]
[EventDate "1994.??.??"]

{1/(34)} 1. d4 d5 2. c4 c6 3. Nf3 Nf6 4. Nc3 Bf5 5. e3 e6 6. Qb3 Qb6 7. Bd2
Nbd7 8. Na4 Qxb3 9. axb3 Bc2 10. b4 dxc4 11. Bxc4 b5 12. Rc1 Bxa4 13. Ba2 Nd5
14. Bxd5 cxd5 15. O-O Bb3 16. Rfe1 Nf6 17. Rc3 Bc4 18. b3 Ne4 19. bxc4 Nxc3 20.
Bxc3 bxc4 21. e4 dxe4 22. Rxe4 Rb8 23. d5 Bxb4 24. Bxg7 Rg8 25. Be5 exd5 26.
Re2 Rb7 27. Bf6+ Kd7 28. g3 Re8 29. Ne5+ Kc8 30. f4 Bc5+ 31. Kg2 Re6 32. Bh4 f6
0-1

[Event "Eastpointe (US Am N/1a/17)"]
[Site "?"]
[Date "1994.??.??"]
[Round "?"]
[White "Matakas, D."]
[Black "Moore, Robert"]
[Result "0-1"]
[WhiteElo "1605"]
[BlackElo "1700"]
[PlyCount "70"]
[EventDate "1994.??.??"]

1. e4 c5 2. d4 cxd4 3. Qxd4 Nc6 4. Qd1 d6 5. c3 Nf6 6. f3 e6 7. Bb5 Be7 8. g4
Qb6 9. a4 d5 10. Qe2 O-O 11. Bxc6 bxc6 12. Be3 c5 13. e5 Nd7 14. f4 Bh4+ 15.
Kd1 d4 16. Bf2 Ba6 17. Qd2 Qb3+ 18. Ke1 Bxf2+ 19. Kxf2 Bb7 20. Ra3 Qd5 21. Kf1
Qxh1 22. c4 Be4 23. Rd3 Rab8 24. Na3 Bxd3+ 25. Qxd3 Rxb2 26. Nc2 Rb1+ 27. Ne1
Rfb8 28. Qg3 R8b3 29. Qf2 Re3 30. Qd2 Rbxe1+ 31. Qxe1 Rxe1+ 32. Kxe1 Qxg1+ 33.
Ke2 Qe3+ 34. Kf1 d3 35. h4 Qe2+ 0-1

[Event "Jackson (Prison m/Oct)"]
[Site "?"]
[Date "1994.??.??"]
[Round "?"]
[White "Martin, H."]
[Black "Rajlich, Vasik"]
[Result "0-1"]
[WhiteElo "1605"]
[BlackElo "2120"]
[PlyCount "102"]
[EventDate "1994.??.??"]

1. e4 c5 2. Nf3 d6 3. Nc3 g6 4. d4 cxd4 5. Nxd4 Bg7 6. Bc4 Qb6 7. Be3 Qxb2 8.
Nd5 Qa3 9. Nb5 Qa5+ 10. Bd2 Qa4 11. Ndc7+ Kd8 12. Bb3 Qxe4+ 13. Be3 Na6 14. Bd5
Qb4+ 15. Bd2 Qc5 16. Nxa6 Qxb5 17. Nb4 e6 18. a4 Qc5 19. Bb3 Qe5+ 20. Kf1 Qxa1
21. Qxa1 Bxa1 22. c3 Nf6 23. f3 Bd7 24. Kf2 Bb2 25. Nc2 Rc8 26. c4 d5 27. cxd5
Nxd5 28. Rb1 Bf6 29. g4 Ke7 30. g5 Bg7 31. Kg3 Rhd8 32. Bxd5 Rxc2 33. Bb4+ Ke8
34. Bb3 Rc7 35. h4 Bc6 36. a5 Rd3 37. Bd1 Bd5 38. a6 b6 39. Be2 Re3 40. Re1 Kd8
41. Bd2 Bc3 42. Bxc3 Rcxc3 43. Kf2 Bxf3 44. Rd1+ Bd5 45. h5 Rxe2+ 46. Kxe2 Kc7
47. Rd4 Rg3 48. Rf4 e5 49. Rf6 Rxg5 50. hxg6 hxg6 51. Ke3 Rf5 0-1

[Event "Jackson (Prison m/Jan)"]
[Site "?"]
[Date "1994.??.??"]
[Round "?"]
[White "Martin"]
[Black "Smalec, John"]
[Result "0-1"]
[WhiteElo "1605"]
[BlackElo "1740"]
[PlyCount "76"]
[EventDate "1994.??.??"]

1. e4 e6 2. d4 d5 3. e5 c5 4. c3 Nc6 5. Bb5 a6 6. Bxc6+ bxc6 7. Nf3 Qb6 8. O-O
Ne7 9. dxc5 Qxc5 10. Be3 Qb5 11. Na3 Qxb2 12. Qa4 Qb7 13. Rab1 Qd7 14. c4 Nf5
15. Nc2 Be7 16. Ncd4 Nxe3 17. fxe3 O-O 18. cxd5 cxd5 19. Qxd7 Bxd7 20. Rb7 Rfd8
21. Rc1 Rab8 22. Ra7 Ba3 23. Rcc7 Rb1+ 24. Kf2 Be8 25. Ng5 Rb2+ 26. Kg3 Bb4 27.
Nxf7 Be1+ 28. Kh3 Rdb8 29. Nh6+ Kh8 30. Rxg7 Bg6 31. Nf7+ Kxg7 32. Nxe6+ Kg8
33. Nd6 Rf2 34. Nf4 Bd2 35. Nxd5 Kh8 36. Nf6 Bxe3 37. Nf7+ Kg7 38. Nd6+ Bxa7
0-1

[Event "Detroit (MCO/DEU/3a/3)"]
[Site "?"]
[Date "1994.??.??"]
[Round "?"]
[White "Martell, Raul"]
[Black "Young, L."]
[Result "1-0"]
[WhiteElo "1605"]
[BlackElo "1605"]
[PlyCount "75"]
[EventDate "1994.??.??"]

1. e4 c6 2. d4 d5 3. Nc3 dxe4 4. Nxe4 Nd7 5. Nf3 Ngf6 6. Bd3 Nxe4 7. Bxe4 Nf6
8. Bd3 e6 9. O-O Be7 10. Be3 O-O 11. Re1 Qb6 12. Rb1 Nd5 13. c3 Nxe3 14. fxe3
Rd8 15. Qc2 g6 16. Rf1 Qc7 17. Ne5 Rf8 18. Rf2 Bd6 19. Nf3 Bd7 20. Rbf1 e5 21.
dxe5 Bxe5 22. Bc4 Bxh2+ 23. Nxh2 Bf5 24. e4 Be6 25. Qb3 Rae8 26. Ng4 Re7 27.
Bxe6 Rxe6 28. Nh6+ Kg7 29. Rxf7+ Rxf7 30. Rxf7+ Qxf7 31. Nxf7 Kxf7 32. Qxb7+
Re7 33. Qxc6 h5 34. Qd5+ Kf6 35. c4 g5 36. Qf5+ Kg7 37. Qxg5+ Kf7 38. Qxh5+ 1-0

[Event "Eastpointe (MI Action/5/16)"]
[Site "?"]
[Date "1994.??.??"]
[Round "?"]
[White "Martell, Raul"]
[Black "Welch, Joseph"]
[Result "0-1"]
[WhiteElo "1605"]
[BlackElo "1605"]
[PlyCount "54"]
[EventDate "1994.??.??"]

{5/(16)} 1. e4 c5 2. Nf3 Nc6 3. Bc4 Nf6 4. Nc3 g6 5. d3 Bg7 6. Bf4 d6 7. h3 a6
8. a3 b5 9. Bb3 O-O 10. Rb1 e5 11. Bg5 Be6 12. Nd5 Bxd5 13. Bxd5 Rc8 14. c3 Qd7
15. Qd2 Nxd5 16. exd5 Ne7 17. c4 bxc4 18. dxc4 f5 19. Bxe7 Qxe7 20. O-O e4 21.
Nh2 Bd4 22. Kh1 Rb8 23. b4 Qe5 24. bxc5 dxc5 25. Rfe1 Bc3 26. Nf3 exf3 27. Rxe5
Rxb1+ 0-1

[Event "Eastpointe (MI Action/2/19)"]
[Site "?"]
[Date "1994.??.??"]
[Round "?"]
[White "Martell, Raul"]
[Black "Strimpel, D."]
[Result "1-0"]
[WhiteElo "1605"]
[BlackElo "1605"]
[PlyCount "83"]
[EventDate "1994.??.??"]

{2/(19)} 1. e4 e5 2. Nf3 Bb4 3. Nc3 Nf6 4. d3 Qe7 5. Bd2 Ba5 6. Be2 Bb6 7. O-O
O-O 8. Be3 Ng4 9. Bxb6 axb6 10. Nd5 Qd8 11. h3 Nh6 12. Nxe5 Qg5 13. Nxc7 Ra5
14. Nc4 Rc5 15. Nd5 d6 16. f4 Qg3 17. Qe1 Qg6 18. Ne7+ Kh8 19. Nxg6+ Kg8 20.
Ne7+ Kh8 21. Nxc8 Rcxc8 22. c3 Rcd8 23. Nxb6 Nc6 24. Bf3 Rfe8 25. Qg3 Re6 26.
f5 Re5 27. Nd5 b5 28. Qg5 f6 29. Nxf6 b4 30. Nh5 Rg8 31. Nxg7 Rxg7 32. Qxh6 Ne7
33. Qxd6 Kg8 34. Qxe5 Nc6 35. Qd5+ Kf8 36. Qxc6 Re7 37. cxb4 Kf7 38. Bh5+ Kg7
39. f6+ Kf8 40. fxe7+ Kxe7 41. Rf7+ Kd8 42. Qd7# 1-0

[Event "Eastpointe (MI Action/3/14)"]
[Site "?"]
[Date "1994.??.??"]
[Round "?"]
[White "Martell, Raul"]
[Black "Schey, Danny"]
[Result "0-1"]
[WhiteElo "1605"]
[BlackElo "1765"]
[PlyCount "69"]
[EventDate "1994.??.??"]

{3/(14)} 1. e4 g6 2. d4 c6 3. Nf3 d5 4. e5 Bg4 5. h3 Bxf3 6. Qxf3 h5 7. Nc3 e6
8. Bd3 Nh6 9. Bf4 Nd7 10. g4 hxg4 11. hxg4 Bg7 12. Qg2 Qb6 13. O-O-O Qxd4 14.
Qg3 Bxe5 15. Bxe5 Qxe5 16. Qxe5 Nxe5 17. g5 Neg4 18. Rdf1 O-O-O 19. gxh6 Nxh6
20. Rfg1 e5 21. Ne2 e4 22. Bxe4 dxe4 23. Nc3 Rde8 24. Re1 f5 25. f3 e3 26. f4
Ng4 27. Rxh8 Rxh8 28. Nd1 Re8 29. c4 Re4 30. Kc2 Rxc4+ 31. Kb1 Rxf4 32. Nxe3
Re4 33. Ng2 Rxe1+ 34. Nxe1 Kd7 35. Kc2 0-1

[Event "Novi (Oct)"]
[Site "?"]
[Date "1994.??.??"]
[Round "?"]
[White "Martell, Raul"]
[Black "Nixon, Peter"]
[Result "1/2-1/2"]
[WhiteElo "1605"]
[BlackElo "1605"]
[PlyCount "45"]
[EventDate "1994.??.??"]

1. e4 c5 2. Nc3 Nc6 3. Bc4 e6 4. d3 Nf6 5. Bg5 Be7 6. Bxf6 Bxf6 7. Qd2 a6 8.
Nf3 b5 9. Bb3 b4 10. Nd1 O-O 11. c3 a5 12. O-O Re8 13. Re1 Bb7 14. e5 Be7 15.
d4 d6 16. d5 exd5 17. exd6 Qxd6 18. Qxd5 Qxd5 19. Bxd5 Rad8 20. Ne3 Bf6 21.
Rac1 Rd7 22. cxb4 Nxb4 23. Bxb7 1/2-1/2

[Event "Detroit (MCO/DEU/4/3)"]
[Site "?"]
[Date "1994.??.??"]
[Round "?"]
[White "Martell, Raul"]
[Black "Kalmadi, S."]
[Result "0-1"]
[WhiteElo "1605"]
[BlackElo "1605"]
[PlyCount "55"]
[EventDate "1994.??.??"]

{4/(3)} 1. e4 e6 2. d4 d5 3. Nc3 Nf6 4. Bd3 c5 5. dxc5 d4 6. Nce2 Bxc5 7. Nf3
Nc6 8. c3 dxc3 9. Nxc3 e5 10. h3 a6 11. O-O O-O 12. Re1 h6 13. Be3 Bxe3 14.
Rxe3 Nh5 15. Bc4 Nf4 16. Nd5 g5 17. Nxg5 hxg5 18. Rg3 Kg7 19. Qd2 b5 20. Qe3
bxc4 21. Nxf4 exf4 22. Qxf4 f6 23. h4 g4 24. h5 Rh8 25. f3 Qd4+ 26. Kf1 Qe5 27.
Qxe5 fxe5 28. fxg4 0-1

[Event "Romulus (RVO/4/19)"]
[Site "?"]
[Date "1994.??.??"]
[Round "?"]
[White "Martell, Raul"]
[Black "Iyer, Krishnan"]
[Result "0-1"]
[WhiteElo "1605"]
[BlackElo "1605"]
[PlyCount "60"]
[EventDate "1994.??.??"]

{4/(19)} 1. e4 c5 2. Nf3 Nc6 3. c3 d6 4. d4 Qc7 5. Bc4 e6 6. Qc2 Nge7 7. Be3 b6
8. O-O g6 9. Rd1 Bg7 10. Bb5 O-O 11. Nbd2 a6 12. Bxc6 Qxc6 13. Rac1 Bb7 14. Nc4
Qxe4 15. Qxe4 Bxe4 16. Nxb6 Bxf3 17. Nxa8 Bxa8 18. dxc5 d5 19. b4 Nc6 20. Rd2
Ne5 21. a4 Bc6 22. Ra2 Nc4 23. Bd4 Bh6 24. Rd1 e5 25. Be3 Nxe3 26. fxe3 Bxe3+
27. Kf1 f5 28. Ke2 f4 29. Kd3 Bd7 30. Rb1 Bf5+ 0-1

[Event "Romulus (RVO/5/24)"]
[Site "?"]
[Date "1994.??.??"]
[Round "?"]
[White "Martell, Raul"]
[Black "Ashton, Jeff"]
[Result "0-1"]
[WhiteElo "1605"]
[BlackElo "1605"]
[PlyCount "92"]
[EventDate "1994.??.??"]

{5/(24)} 1. e4 c5 2. Nf3 Nc6 3. Nc3 g6 4. Bc4 Bg7 5. O-O Nf6 6. d3 O-O 7. Be3
d6 8. h3 e6 9. e5 dxe5 10. Bxc5 Re8 11. Bb5 Nd5 12. Bxc6 bxc6 13. Re1 Nxc3 14.
bxc3 e4 15. Rxe4 Bxc3 16. Rb1 Qd5 17. Rc4 Bg7 18. Bd4 Ba6 19. Ra4 Bb5 20. c4
Qd7 21. cxb5 cxb5 22. Rab4 a5 23. Ne5 Bxe5 24. Rxb5 Qxd4 25. Qf3 Reb8 26. g3
Kg7 27. Rb7 Rxb7 28. Rxb7 Rf8 29. h4 Qa1+ 30. Kg2 Qxa2 31. g4 Qd5 32. Qxd5 exd5
33. Rb5 Ra8 34. Rxd5 Bf6 35. g5 Bd8 36. f4 a4 37. Rc5 a3 38. f5 a2 39. f6+ Kg8
40. Re5 Kf8 41. Re1 a1=Q 42. Rxa1 Rxa1 43. Kf3 Ra4 44. Kg3 Rd4 45. Kh3 Bc7 46.
Kg2 Rxd3 0-1

[Event "Eastpointe (MI Action/3/17)"]
[Site "?"]
[Date "1994.??.??"]
[Round "?"]
[White "Marson, Michael"]
[Black "Welch, Joseph"]
[Result "1-0"]
[WhiteElo "1605"]
[BlackElo "1605"]
[PlyCount "37"]
[EventDate "1994.??.??"]

{3/(17)} 1. Nf3 f5 2. d4 Nf6 3. Bf4 d6 4. Nbd2 g6 5. e3 Bg7 6. Bd3 O-O 7. c3 b6
8. e4 fxe4 9. Nxe4 Bb7 10. Qe2 Nxe4 11. Bxe4 d5 12. Bxg6 Rxf4 13. Qe6+ Kh8 14.
Ng5 hxg6 15. Qxg6 Kg8 16. Qh7+ Kf8 17. Ne6+ Kf7 18. Nxd8+ Kf8 19. Ne6+ 1-0

[Event "Detroit (MCO/DEU/2b/3)"]
[Site "?"]
[Date "1994.??.??"]
[Round "?"]
[White "Marson, Michael"]
[Black "Stubbs, B."]
[Result "1-0"]
[WhiteElo "1605"]
[BlackElo "1605"]
[PlyCount "117"]
[EventDate "1994.??.??"]

1. Nf3 Nf6 2. d4 d5 3. Bg5 Ne4 4. Bf4 Bf5 5. Nbd2 Nxd2 6. Qxd2 Nc6 7. e3 a6 8.
Bd3 e6 9. O-O Bd6 10. Bxd6 Qxd6 11. Bxf5 exf5 12. Qd3 Ne7 13. c4 f4 14. Rfe1
dxc4 15. Qxc4 O-O 16. exf4 Rae8 17. Rac1 c6 18. Re5 b5 19. Qc5 Qxc5 20. dxc5 f6
21. Re6 a5 22. Rce1 Kf7 23. g3 g6 24. Nd4 Nf5 25. Rxe8 Rxe8 26. Rxe8 Kxe8 27.
Nxc6 a4 28. b3 Kd7 29. Na5 Nd4 30. bxa4 bxa4 31. Kf1 Nc6 32. Nc4 Nb4 33. Nb6+
Kc6 34. Nxa4 Nxa2 35. Ke2 Kb5 36. Kf3 Nc1 37. Nc3+ Kxc5 38. Ne4+ Kc6 39. Nxf6
h6 40. g4 Nd3 41. Ng8 h5 42. Ne7+ Kd6 43. Nxg6 hxg4+ 44. Kxg4 Nxf2+ 45. Kf5 Kd7
46. h4 Nd3 47. h5 Nxf4 48. Nxf4 Ke7 49. Kg6 Kf8 50. Kh7 Kf7 51. h6 Kf8 52. Kh8
Kf7 53. Nd5 Kf8 54. Nc7 Kf7 55. Kh7 Kf8 56. Ne6+ Kf7 57. Kh8 Kg6 58. h7 Kh6 59.
Kg8 1-0

[Event "Eastpointe (MI Action/5/17)"]
[Site "?"]
[Date "1994.??.??"]
[Round "?"]
[White "Marson, Michael"]
[Black "Kane, Paul"]
[Result "1-0"]
[WhiteElo "1605"]
[BlackElo "1605"]
[PlyCount "72"]
[EventDate "1994.??.??"]

{5/(17)} 1. Nf3 d5 2. d4 c6 3. Bf4 Bf5 4. Nbd2 Nf6 5. e3 e6 6. Bd3 Bxd3 7. cxd3
Bb4 8. O-O O-O 9. Qb3 Qe7 10. a3 Ba5 11. Qc2 Nbd7 12. e4 Nh5 13. Be3 dxe4 14.
dxe4 Nhf6 15. e5 Nd5 16. Ng5 g6 17. Nde4 Nxe3 18. fxe3 Bc7 19. Nf6+ Nxf6 20.
Rxf6 Bd8 21. Ne4 Qc7 22. Rf3 Be7 23. Raf1 f5 24. exf6 Bd6 25. Nxd6 Qxd6 26. f7+
Kg7 27. Qc3 Rac8 28. d5+ e5 29. dxc6 Rxc6 30. Qb3 Rc7 31. g3 b6 32. Kg2 Qc6 33.
Kg1 Qc5 34. Qe6 Rc6 35. Qe8 Rc8 36. Qe6 Qc6 1-0

[Event "Trenton (Oct)"]
[Site "?"]
[Date "1994.??.??"]
[Round "?"]
[White "Marson, Michael"]
[Black "Hartwig, Thomas"]
[Result "0-1"]
[WhiteElo "1605"]
[BlackElo "1605"]
[PlyCount "108"]
[EventDate "1994.??.??"]

1. d4 d5 2. c4 dxc4 3. Nc3 e5 4. e3 exd4 5. exd4 Nf6 6. Bxc4 c5 7. Nge2 Nc6 8.
Be3 cxd4 9. Nxd4 Nxd4 10. Qxd4 Qxd4 11. Bxd4 Be7 12. O-O O-O 13. Rfe1 Bd8 14.
Ne4 Nxe4 15. Rxe4 Bd7 16. Bd5 Bf5 17. Rf4 Bc8 18. Bc5 Bc7 19. Bxf8 Bxf4 20. Ba3
Rb8 21. Re1 Bd7 22. Re7 Be6 23. Bxe6 fxe6 24. Rxe6 Rc8 25. g3 Bg5 26. Re1 Rc1
27. Rxc1 Bxc1 28. Kg2 Kf7 29. b3 Bxa3 30. Kf3 b5 31. Ke4 Bc5 32. f4 Bg1 33. h3
Kf6 34. g4 g5 35. f5 Bc5 36. Kd5 Be7 37. Ke4 b4 38. Kd5 Bf8 39. Ke4 Ke7 40. Kd5
Kd7 41. f6 Bd6 42. f7 h6 43. Ke4 Ke7 44. Kd4 Kxf7 45. Kd5 Ke7 46. Kc6 Ke6 47.
Kb7 Ke5 48. Kxa7 Kf4 49. Kb6 Kg3 50. Kb5 Kxh3 51. Ka4 Kxg4 52. Ka5 Kf3 53. a3
bxa3 54. b4 Bxb4+ 0-1

[Event "Detroit (MOR/4/28)"]
[Site "?"]
[Date "1994.??.??"]
[Round "?"]
[White "Marson, Michael"]
[Black "Carpenter, O."]
[Result "0-1"]
[WhiteElo "1615"]
[BlackElo "1605"]
[PlyCount "102"]
[EventDate "1994.??.??"]

{4/(28)} 1. d4 Nf6 2. c4 d6 3. Nf3 g6 4. Bf4 Bg7 5. e3 O-O 6. Nbd2 Nbd7 7. Bd3
Re8 8. O-O e5 9. Bg5 h6 10. dxe5 dxe5 11. Bxf6 Nxf6 12. Ne4 Nxe4 13. Bxe4 Qxd1
14. Rfxd1 c6 15. Rd2 Be6 16. b3 f5 17. Bc2 e4 18. Nd4 c5 19. Nxe6 Bxa1 20. Nc7
Rad8 21. Nd5 Kf7 22. g3 b5 23. Rd1 Be5 24. Kg2 Rb8 25. Kf1 bxc4 26. bxc4 Rb2
27. Bb3 a5 28. Rc1 a4 29. Bxa4 Rxa2 30. Bb5 Ra1 31. Rxa1 Bxa1 32. Kg2 Ra8 33.
Nc7 Ra2 34. Na6 Bc3 35. Nxc5 Be1 36. Nd7 Rxf2+ 37. Kg1 Rb2 38. Ba6 Bf2+ 39. Kh1
Bxe3 40. c5 Rc2 41. c6 Ke7 42. Bb5 Bd4 43. Nb8 e3 44. Na6 e2 45. Bxe2 Rxe2 46.
Nb4 Kd6 47. h4 Kc7 48. Nd3 Kxc6 49. Nf4 Re1+ 50. Kg2 Rg1+ 51. Kf3 Rf1+ 0-1

[Event "Detroit (MOR/1b/15)"]
[Site "?"]
[Date "1994.??.??"]
[Round "?"]
[White "Marson, Michael"]
[Black "Anderson, JE."]
[Result "1-0"]
[WhiteElo "1615"]
[BlackElo "1605"]
[PlyCount "87"]
[EventDate "1994.??.??"]

1. d4 Nf6 2. c4 g6 3. Nc3 Bg7 4. Nf3 O-O 5. e4 d6 6. Be2 Re8 7. O-O Nbd7 8. Bf4
Nh5 9. Qd2 Nxf4 10. Qxf4 e5 11. dxe5 Nxe5 12. Rac1 c6 13. Rfd1 Be6 14. b3 Qe7
15. c5 Rad8 16. cxd6 Rxd6 17. Rxd6 Qxd6 18. Ng5 h6 19. Nxe6 Rxe6 20. Rd1 Nd3
21. Qe3 Bxc3 22. Rxd3 Qe5 23. Rxc3 Qxe4 24. Qxe4 Rxe4 25. Rc2 f5 26. h3 h5 27.
Rd2 Kh7 28. Bf3 Re1+ 29. Kh2 Kh6 30. Rd7 Ra1 31. Rxb7 Rxa2 32. Bxc6 Rxf2 33.
Rxa7 g5 34. Ra6 g4 35. h4 Kg7 36. Be8 Re2 37. Bxh5 Re4 38. Rb6 g3+ 39. Kxg3 f4+
40. Kf3 Re5 41. Kxf4 Rxh5 42. g3 Rh6 43. Rxh6 Kxh6 44. b4 1-0

[Event "Eastpointe (MI Action/1/12)"]
[Site "?"]
[Date "1994.??.??"]
[Round "?"]
[White "Marson, Michael"]
[Black "Aldrich, Jeff"]
[Result "0-1"]
[WhiteElo "1605"]
[BlackElo "1915"]
[PlyCount "96"]
[EventDate "1994.??.??"]

{1/(12)} 1. Nf3 d5 2. d4 Nf6 3. Bf4 c6 4. Nbd2 e6 5. e3 Bd6 6. Bxd6 Qxd6 7. Bd3
O-O 8. O-O Nbd7 9. c3 e5 10. Nxe5 Nxe5 11. dxe5 Qxe5 12. Nf3 Qd6 13. c4 Bg4 14.
cxd5 Qxd5 15. Be2 Rad8 16. Qxd5 Rxd5 17. Rad1 Rfd8 18. Rxd5 Rxd5 19. Rd1 Kf8
20. Rxd5 Nxd5 21. a3 Ke7 22. Kf1 Nb6 23. Nd4 Bxe2+ 24. Kxe2 Nc4 25. Nf5+ Kf6
26. b3 Nxa3 27. Nd6 b6 28. Nc8 Nb5 29. Kd3 Ke6 30. Ke4 Kd7 31. Nxa7 Nxa7 32. f4
Kd6 33. g4 Kc5 34. Kd3 Kb4 35. Kc2 c5 36. h4 Nc6 37. h5 Na5 38. g5 Nxb3 39. f5
c4 40. g6 fxg6 41. hxg6 hxg6 42. fxg6 Nc5 43. Kb2 c3+ 44. Kc2 Kc4 45. Kc1 Kd3
46. Kd1 c2+ 47. Kc1 Kc3 48. e4 Nd3# 0-1

[Event "Detroit (Class A/3/12)"]
[Site "?"]
[Date "1994.??.??"]
[Round "?"]
[White "Marshall, Larry"]
[Black "Smith, Ed"]
[Result "0-1"]
[WhiteElo "1940"]
[BlackElo "1820"]
[PlyCount "46"]
[EventDate "1994.??.??"]

{3/(12)} 1. e4 e5 2. Nc3 Nc6 3. Bc4 Nf6 4. d3 Be7 5. f4 exf4 6. Bxf4 d6 7. Nf3
O-O 8. O-O Bg4 9. Qd2 Bxf3 10. Rxf3 Ne5 11. Bxe5 dxe5 12. Raf1 Ng4 13. Rxf7
Rxf7 14. Rxf7 Bc5+ 15. Kh1 Kh8 16. g3 Qd4 17. Rf1 Ne3 18. Rf7 Nxc4 19. Qc1 Nd6
20. Rxc7 Rf8 21. Rd7 Qf2 22. Qd1 Nf7 23. Qe2 Qg1# 0-1

[Event "Detroit (Class A/2/12)"]
[Site "?"]
[Date "1994.??.??"]
[Round "?"]
[White "Marshall, Larry"]
[Black "Emke, Robert"]
[Result "1/2-1/2"]
[WhiteElo "1940"]
[BlackElo "1895"]
[PlyCount "108"]
[EventDate "1994.??.??"]

{2/(12)} 1. e4 e6 2. d4 d5 3. Nc3 Bb4 4. e5 Ne7 5. a3 Bxc3+ 6. bxc3 c5 7. Nf3
O-O 8. Be2 Nbc6 9. O-O c4 10. a4 f6 11. Ba3 fxe5 12. dxe5 Rf5 13. Bd6 Ng6 14.
Nd4 Nxd4 15. cxd4 Qg5 16. Ra3 Nf4 17. Rg3 Nxe2+ 18. Qxe2 Qh5 19. Qxh5 Rxh5 20.
f4 Bd7 21. Ra3 Rf5 22. g4 Rf7 23. a5 g6 24. Kg2 Kg7 25. Kg3 h6 26. h4 Rg8 27.
Rb1 Bc6 28. Rf3 Kh7 29. Bc5 a6 30. Ra3 Kh8 31. Rh1 h5 32. Kf3 Rgg7 33. Raa1 Kg8
34. Rh2 hxg4+ 35. Kxg4 Rf5 36. c3 Rgf7 37. Rf1 Rh7 38. Bb6 Rd7 39. Kf3 Rh7 40.
Bd8 Kf7 41. Rg1 Rh8 42. Bg5 Ke8 43. Rgh1 Kd7 44. h5 gxh5 45. Rxh5 Rhf8 46. Bf6
Rxh5 47. Rxh5 Rf7 48. Rh8 Ba4 49. Rd8+ Kc7 50. Rg8 Bc2 51. Bd8+ Kc6 52. Ke3 Bf5
53. Bb6 Rh7 54. Rg3 Rh3 1/2-1/2